00939nam a2200205Ia 4500008004100000020001500041041001200056082001600068100001600084245004200100250000800142260002500150300000800175650001500183942000700198999001500205952017100220952017100391952017100562221030s9999 xx 000 0 und d a0074602039 aEnglish a105.23bKum aK. L. Kumar 0aEngineering Mechanicscby K. L. Kumar a2nd bTMHaNew Delhic1990 a630 aMechanical cBK c8310d8310 pBE 6608g265.00l0o105.23 Kumr2024-06-13 00:00:00w2022-10-30yBK003Print4070aMIETLIBbMIETLIBcBL-Academic Block- A, FL-1, CUP-5, SH-1, R-1d2005-04-0710HBE pBE 6609g265.00l0o105.23 Kumr2024-06-13 00:00:00w2022-10-30yBK003Print4070aMIETLIBbMIETLIBcBL-Academic Block- A, FL-1, CUP-5, SH-1, R-1d2003-04-0710HBE pBE 6610g265.00l0o105.23 Kumr2024-06-13 00:00:00w2022-10-30yBK003Print4070aMIETLIBbMIETLIBcBL-Academic Block- A, FL-1, CUP-5, SH-1, R-1d2003-04-0710HBE